[Event "4NCL/Div3/NOTT2 vs. HACK"]
[Site "Wokefield Park ENG"]
[Date "2010.05.01"]
[Round "9.1"]
[White "Flynn, David"]
[Black "Reid, John"]
[Result "0-1"]
[WhiteElo "2053"]
[BlackElo "2266"]
[PlyCount "124"]
[EventDate "2010.05.01"]
[SourceDate "2009.10.24"]

1. e4 c5 2. c3 d6 3. d4 Nf6 4. Bd3 g6 5. Nf3 Bg7 6. O-O O-O 7. h3 Qc7 8. Bf4
Nh5 9. Be3 b6 10. Nbd2 Nc6 11. Rc1 Qd8 12. Qa4 Bb7 13. Ba6 Qc8 14. Bxb7 Qxb7
15. Qb3 Rab8 16. Rfd1 Nf6 17. d5 Na5 18. Qa4 Qd7 19. Qxd7 Nxd7 20. b3 b5 21. c4
b4 22. Nf1 Nb7 23. Rc2 a5 24. Bc1 a4 25. Bb2 Ra8 26. Bxg7 Kxg7 27. N1d2 Ra7 28.
bxa4 Rxa4 29. Nb3 Rfa8 30. Nc1 Na5 31. Rd3 Kf6 32. Kf1 g5 33. Ke2 h5 34. Nd2
Ne5 35. Re3 h4 36. Kd1 Rg8 37. Ke2 g4 38. hxg4 Rxg4 39. Kf1 e6 40. f3 Rg3 41.
Kf2 Rg8 42. Kf1 Ng6 43. Nd3 e5 44. Nb3 Nb7 45. Ree2 Ra3 46. Red2 Rg7 47. Rf2
Kg5 48. Rfd2 Ra8 49. Nf2 Nf4 50. Ng4 Rh8 51. Ne3 Nh5 52. Kg1 Ng3 53. Ng4 Nxe4
54. fxe4 Kxg4 55. Rd3 f5 56. exf5 Rf8 57. Rf2 Rxf5 58. Rxf5 Kxf5 59. Rh3 Rg4
60. Rf3+ Rf4 61. Rxf4+ Kxf4 62. Kf2 e4 0-1

[Event "4NCL/Div3/NOTT2 vs. HACK"]
[Site "Wokefield Park ENG"]
[Date "2010.05.01"]
[Round "9.2"]
[White "Chin, Francis CW"]
[Black "Combie, Alexander"]
[Result "1/2-1/2"]
[WhiteElo "2122"]
[BlackElo "1975"]
[PlyCount "102"]
[EventDate "2010.05.01"]
[SourceDate "2009.10.24"]

1. d4 Nf6 2. Nf3 g6 3. c4 Bg7 4. Nc3 d6 5. g3 O-O 6. Bg2 Nc6 7. O-O a6 8. h3
Bd7 9. e4 e5 10. Be3 exd4 11. Nxd4 Nxd4 12. Bxd4 Rb8 13. Re1 Be6 14. Nd5 c5 15.
Bc3 Nxd5 16. Bxg7 Kxg7 17. cxd5 Bd7 18. e5 dxe5 19. Rxe5 Qf6 20. Qe2 Rfe8 21.
f4 h5 22. Qe3 Qd6 23. Re1 f6 24. Re4 Rxe4 25. Qxe4 Re8 26. Qb1 Rxe1+ 27. Qxe1
Kf7 28. Qd2 Kg7 29. a3 b6 30. Qe3 a5 31. Kh2 a4 32. Kg1 b5 33. Qd2 b4 34. Qe3
bxa3 35. Qxa3 Qb6 36. Qe3 Qd6 37. Kh2 Kf7 38. Kg1 Qe7 39. Qd2 Qd6 40. Qe3 Qe7
41. Qd2 Qd6 42. Qa5 c4 43. Qa7 a3 44. bxa3 c3 45. Be4 f5 46. Bc2 Qxd5 47. Qb6
Kg7 48. Bb3 Qe4 49. Qc7 Qe1+ 50. Kg2 Qd2+ 51. Kg1 Qe1+ 1/2-1/2

[Event "4NCL/Div3/NOTT2 vs. HACK"]
[Site "Wokefield Park ENG"]
[Date "2010.05.01"]
[Round "9.3"]
[White "Burke, Steven J"]
[Black "Tasker, Michael W"]
[Result "1/2-1/2"]
[WhiteElo "1954"]
[BlackElo "2081"]
[PlyCount "55"]
[EventDate "2010.05.01"]
[SourceDate "2009.10.24"]

1. f4 d5 2. Nf3 g6 3. g3 Bg7 4. Bg2 Nf6 5. O-O O-O 6. d3 b6 7. e3 Bb7 8. Nc3 c5
9. Ne5 Nbd7 10. Qe2 Rc8 11. a4 Qc7 12. Nb5 Qb8 13. Nxd7 Nxd7 14. g4 a6 15. Nc3
d4 16. Nd5 Rce8 17. f5 Nf6 18. Nxf6+ exf6 19. Bxb7 Qxb7 20. e4 c4 21. Bf4 Qc6
22. h4 Rc8 23. Rfc1 Rfe8 24. Qg2 Bf8 25. Qg3 Rcd8 26. b3 b5 27. axb5 axb5 28.
bxc4 1/2-1/2

[Event "4NCL/Div3/NOTT2 vs. HACK"]
[Site "Wokefield Park ENG"]
[Date "2010.05.01"]
[Round "9.4"]
[White "Donnelly, Terence M"]
[Black "Thompson, Brian"]
[Result "1-0"]
[WhiteElo "1922"]
[BlackElo "1953"]
[PlyCount "75"]
[EventDate "2010.05.01"]
[SourceDate "2009.10.24"]

1. e4 c5 2. Nf3 d6 3. Be2 Nc6 4. c3 Nf6 5. d4 cxd4 6. cxd4 g6 7. O-O Bg7 8. d5
Nb8 9. Nc3 O-O 10. h3 Nbd7 11. Be3 Re8 12. Nd4 Nc5 13. Bf3 Bd7 14. b4 Na6 15.
a3 Nc7 16. Qb3 a6 17. a4 Rc8 18. Rfc1 Rf8 19. Rab1 Be8 20. Be2 Nd7 21. Rd1 Kh8
22. Bg4 h5 23. Be2 Nf6 24. Rd2 Ng8 25. Rc1 Bd7 26. Qd1 Nf6 27. f4 Bh6 28. Bf3
Qe8 29. Re2 e5 30. dxe6 Nxe6 31. Nxe6 Qxe6 32. Rd2 Bc6 33. Rxd6 Qe7 34. e5 Bxf3
35. Qxf3 Ne8 36. Rd4 Qc7 37. Ne2 Qe7 38. Rxc8 1-0

[Event "4NCL/Div3/NOTT2 vs. HACK"]
[Site "Wokefield Park ENG"]
[Date "2010.05.01"]
[Round "9.5"]
[White "Taylor, Robert P"]
[Black "Oakley, Robin J"]
[Result "1-0"]
[WhiteElo "1978"]
[BlackElo "1858"]
[PlyCount "105"]
[EventDate "2010.05.01"]
[SourceDate "2009.10.24"]

1. d4 Nf6 2. Nf3 g6 3. Bg5 Bg7 4. Nbd2 d5 5. e3 O-O 6. Bd3 Nbd7 7. c3 c5 8. Qe2
Qb6 9. Rb1 Re8 10. Bf4 Nh5 11. Bg3 Nxg3 12. hxg3 e5 13. dxe5 Nf8 14. e4 Bg4 15.
Qe3 Rad8 16. Qf4 dxe4 17. Bxe4 Bxf3 18. Nxf3 Qe6 19. O-O Qxa2 20. Bxb7 Rb8 21.
Qe4 Red8 22. b4 Ne6 23. b5 Qa5 24. c4 Nd4 25. Bd5 Nxf3+ 26. Qxf3 Qc7 27. e6
fxe6 28. Bxe6+ Kh8 29. Qf4 Qe7 30. Bd5 Rf8 31. Qg4 Bd4 32. Bf3 Rf5 33. Rfe1 Qd8
34. Qh4 Bf6 35. Qg4 Bd4 36. Re6 Qg8 37. Rbe1 Rbf8 38. Qe4 R5f6 39. Qd5 Rf5 40.
Qd6 Rd8 41. Qc7 Rf7 42. Re7 Rdf8 43. Qxa7 Qg7 44. Rxf7 Rxf7 45. Re8+ Rf8 46.
Rxf8+ Qxf8 47. b6 Be5 48. b7 h5 49. Qa6 Kh7 50. Qe6 Bb8 51. Bd5 Kh6 52. Qg8 Qd6
53. f4 1-0

[Event "4NCL/Div3/CELT2 vs. AMCAR"]
[Site "Wokefield Park ENG"]
[Date "2010.05.01"]
[Round "9.1"]
[White "Fathallah, Joe"]
[Black "McLaughlin, Noel S"]
[Result "0-1"]
[WhiteElo "1951"]
[BlackElo "2022"]
[PlyCount "108"]
[EventDate "2010.05.01"]
[SourceDate "2009.10.24"]

1. d4 g6 2. e4 Nf6 3. e5 Nd5 4. f4 d6 5. c4 Nb6 6. Nf3 Bg7 7. Bd3 dxe5 8. fxe5
Bg4 9. O-O O-O 10. Be3 Nc6 11. Be2 f6 12. e6 Na5 13. Nbd2 c5 14. d5 Qc7 15. b3
Nc8 16. Ne4 b6 17. Rc1 Nb7 18. Nfd2 Bxe2 19. Qxe2 Ncd6 20. Bf4 f5 21. Nxd6 Nxd6
22. Be5 Bxe5 23. Qxe5 Nb5 24. Qxc7 Nxc7 25. Nf3 Ne8 26. Ne5 Nd6 27. Nc6 Rfe8
28. Rc3 Kg7 29. h3 h5 30. g4 hxg4 31. hxg4 Kf6 32. Rh3 Rh8 33. Rxh8 Rxh8 34.
g5+ Kxg5 35. Nxe7 Kf6 36. Nc6 a5 37. Re1 Ne4 38. Rxe4 fxe4 39. Kf2 Rc8 40. Ke3
Rxc6 41. dxc6 Kxe6 42. Kxe4 Kd6 43. Kf4 Kxc6 44. Kg5 Kd6 45. Kxg6 Ke5 46. Kf7
Kd4 47. Ke6 Kc3 48. Kd6 Kb2 49. Kc6 Kxa2 50. Kxb6 Kxb3 51. Kxc5 a4 52. Kb5 a3
53. c5 a2 54. c6 a1=Q 0-1

[Event "4NCL/Div3/CELT2 vs. AMCAR"]
[Site "Wokefield Park ENG"]
[Date "2010.05.01"]
[Round "9.2"]
[White "Sparkes, Daniel A"]
[Black "Kitchen, Peter J"]
[Result "1-0"]
[WhiteElo "2066"]
[BlackElo "1930"]
[PlyCount "147"]
[EventDate "2010.05.01"]
[SourceDate "2009.10.24"]

1. e4 e6 2. d4 d5 3. Nc3 Nc6 4. e5 f6 5. exf6 Qxf6 6. Nf3 Bd6 7. Nb5 Nge7 8.
Nxd6+ cxd6 9. Bg5 Qf7 10. Bb5 O-O 11. O-O a6 12. Ba4 Ng6 13. Bb3 Na5 14. c3
Nxb3 15. Qxb3 e5 16. Rae1 e4 17. Nh4 Bd7 18. Nxg6 hxg6 19. f4 Bb5 20. Rf2 Rac8
21. Qd1 Bd3 22. Re3 a5 23. Qg4 Qf5 24. Qh4 Kf7 25. g4 Qd7 26. f5 Rh8 27. Qg3
Rcf8 28. f6 Ke6 29. Rxd3 gxf6 30. Bxf6 Rxf6 31. Rxf6+ Kxf6 32. Rd1 Kg7 33. Rf1
Rf8 34. Rxf8 Kxf8 35. Qf4+ Kg7 36. h4 Qe6 37. Kf2 b5 38. Ke3 Kh7 39. b3 Kg7 40.
Kd2 Kh7 41. g5 Kg7 42. Qf1 Qg4 43. Qf6+ Kh7 44. Qf7+ Kh8 45. Qf8+ Kh7 46. Qh6+
Kg8 47. Qxg6+ Kh8 48. Qf6+ Kg8 49. g6 Qg2+ 50. Kc1 Qg1+ 51. Kb2 Qg2+ 52. Ka3
Qf3 53. Qe6+ Kg7 54. Qxd5 Kxg6 55. Qxd6+ Kh5 56. Qd5+ Kxh4 57. Qxb5 Qxc3 58. d5
e3 59. d6 e2 60. Qxe2 Qb4+ 61. Kb2 Qxd6 62. Qc4+ Kh3 63. Qc3+ Kg4 64. Qxa5 Qd4+
65. Ka3 Qe3 66. Qb4+ Kh3 67. Qc4 Qa7+ 68. Kb2 Qf2+ 69. Qc2 Qf1 70. a4 Qf4 71.
a5 Qd6 72. Qc3+ Kg4 73. b4 Qh2+ 74. Kb3 1-0

[Event "4NCL/Div3/CELT2 vs. AMCAR"]
[Site "Wokefield Park ENG"]
[Date "2010.05.01"]
[Round "9.3"]
[White "Price, Michael C"]
[Black "Stille, Alexander M"]
[Result "0-1"]
[WhiteElo "1906"]
[BlackElo "2054"]
[PlyCount "78"]
[EventDate "2010.05.01"]
[SourceDate "2009.10.24"]

1. e4 d5 2. exd5 Qxd5 3. d4 e5 4. Nf3 Bg4 5. Be2 exd4 6. O-O Bd6 7. Re1 Ne7 8.
c4 Qc5 9. Qxd4 Qxd4 10. Nxd4 Bxe2 11. Rxe2 Kd7 12. Nc3 Nbc6 13. Ndb5 Bb4 14.
Bf4 Bxc3 15. bxc3 Rad8 16. Bxc7 Rde8 17. Rd1+ Kc8 18. Bg3 Nf5 19. Rxe8+ Rxe8
20. Nd6+ Nxd6 21. Bxd6 Re2 22. a3 Rc2 23. Bf8 Rxc3 24. Bxg7 Rxa3 25. Kf1 Ra4
26. c5 Rc4 27. Bf8 Nd4 28. Bd6 a5 29. f4 Nf5 30. Ke2 Nxd6 31. Rxd6 Rxc5 32. Rh6
a4 33. Rxh7 Ra5 34. Rxf7 a3 35. Rf8+ Kd7 36. Rf7+ Kd6 37. Rf6+ Ke7 38. Rb6 a2
39. Rxb7+ Kd6 0-1

[Event "4NCL/Div3/CELT2 vs. AMCAR"]
[Site "Wokefield Park ENG"]
[Date "2010.05.01"]
[Round "9.4"]
[White "Tart, Peter K"]
[Black "Buttell, David"]
[Result "1-0"]
[WhiteElo "2014"]
[BlackElo "1761"]
[PlyCount "49"]
[EventDate "2010.05.01"]
[SourceDate "2009.10.24"]

1. e4 c5 2. Nc3 Nc6 3. Bb5 Nd4 4. Bc4 g6 5. Nge2 Bg7 6. Nxd4 cxd4 7. Qf3 e6 8.
Nb5 d6 9. Qa3 Be5 10. O-O a6 11. f4 axb5 12. Qxa8 bxc4 13. fxe5 dxe5 14. Qa4+
Bd7 15. Qxc4 Ne7 16. d3 Qb6 17. Bg5 Nc6 18. b4 O-O 19. b5 Na5 20. Qb4 Qxb5 21.
Qe7 f5 22. Bh6 Rf7 23. Qd8+ Be8 24. Rab1 Qc5 25. Qxe8+ 1-0

[Event "4NCL/Div3/CELT2 vs. AMCAR"]
[Site "Wokefield Park ENG"]
[Date "2010.05.01"]
[Round "9.5"]
[White "Huser, Hector AP"]
[Black "Tunstall, George S"]
[Result "1/2-1/2"]
[WhiteElo "1554"]
[BlackElo "1947"]
[PlyCount "31"]
[EventDate "2010.05.01"]
[SourceDate "2009.10.24"]

1. e4 c5 2. Nc3 Nc6 3. Bc4 e6 4. d3 Be7 5. f4 a6 6. Nf3 b5 7. Bb3 Bb7 8. O-O b4
9. Ne2 d5 10. Ng3 Nf6 11. Re1 O-O 12. e5 Nd7 13. c3 bxc3 14. bxc3 Qa5 15. Bb2
g6 16. Qe2 1/2-1/2

[Event "4NCL/Div3/CELT2 vs. AMCAR"]
[Site "Wokefield Park ENG"]
[Date "2010.05.01"]
[Round "9.6"]
[White "Lyne, Colin J"]
[Black "Kitchen, Michael J"]
[Result "1-0"]
[WhiteElo "2010"]
[BlackElo "1602"]
[PlyCount "79"]
[EventDate "2010.05.01"]
[SourceDate "2009.10.24"]

1. e4 d6 2. d4 Nd7 3. Nc3 c6 4. f4 Qc7 5. Nf3 h6 6. Be3 e6 7. Qd2 Ngf6 8. Be2
Ng4 9. Bg1 Ngf6 10. h3 Be7 11. g4 Nf8 12. Be3 N6d7 13. O-O-O Ng6 14. h4 Nb6 15.
h5 Nf8 16. Rdg1 Bd7 17. g5 O-O-O 18. Bd3 f5 19. exf5 exf5 20. Nh4 Be6 21. Nxf5
Nc4 22. Bxc4 Bxf5 23. Bd3 Qd7 24. d5 Bxd3 25. dxc6 Qxc6 26. Qxd3 a6 27. Nd5 Re8
28. gxh6 gxh6 29. Qf5+ Kb8 30. Rh3 Bd8 31. Bd4 Rh7 32. Rg8 Qb5 33. b3 Rhe7 34.
Nxe7 Qf1+ 35. Kb2 Bxe7 36. Re3 Qf2 37. Re4 Qd2 38. Bc3 Qf2 39. Rxe7 Rxe7 40.
Qxf8+ 1-0

[Event "4NCL/Div3/AMCAH vs. KJCAN"]
[Site "Wokefield Park ENG"]
[Date "2010.05.01"]
[Round "9.1"]
[White "Zhu, Yao Yao"]
[Black "Balendran, Baven"]
[Result "1/2-1/2"]
[WhiteElo "1954"]
[BlackElo "1858"]
[PlyCount "85"]
[EventDate "2010.05.01"]
[SourceDate "2009.10.24"]

1. e4 e5 2. Nf3 Nc6 3. Bb5 a6 4. Ba4 Nf6 5. O-O Be7 6. Re1 b5 7. Bb3 d6 8. c3
Bg4 9. d3 Na5 10. Bc2 c5 11. Nbd2 Nc6 12. Nf1 O-O 13. h3 Bh5 14. Ng3 Bg6 15.
Nh4 Ne8 16. Nxg6 hxg6 17. Ne2 Qc7 18. f4 Rd8 19. Rf1 Nf6 20. f5 gxf5 21. Rxf5
d5 22. exd5 Nxd5 23. Qe1 Rd6 24. Qf2 Qd7 25. Bg5 Rg6 26. Bxe7 Ncxe7 27. Rf3 Rc6
28. Rd1 Qc7 29. d4 cxd4 30. Bb3 dxc3 31. Nxc3 Nf6 32. Qh4 Ng6 33. Qg5 Nf4 34.
Rg3 N6h5 35. Nd5 Qa7+ 36. Kh2 Nxg3 37. Ne7+ Kh8 38. Nxc6 Qc7 39. Nxe5 Nge2 40.
Nxf7+ Rxf7 41. Qd8+ Kh7 42. Bxf7 Qxf7 43. Qh4+ 1/2-1/2

[Event "4NCL/Div3/AMCAH vs. KJCAN"]
[Site "Wokefield Park ENG"]
[Date "2010.05.01"]
[Round "9.2"]
[White "Murphy, Conor"]
[Black "Mitchell, Stephen R"]
[Result "0-1"]
[WhiteElo "1794"]
[BlackElo "2017"]
[PlyCount "76"]
[EventDate "2010.05.01"]
[SourceDate "2009.10.24"]

1. e4 b6 2. d4 Bb7 3. Bd3 e6 4. Nf3 c5 5. c3 Nf6 6. Qe2 Be7 7. Nbd2 Nc6 8. O-O
cxd4 9. cxd4 O-O 10. a3 d6 11. b4 a6 12. Bb2 Re8 13. Rac1 b5 14. Rc2 Rc8 15.
Rfc1 Nb8 16. Rxc8 Bxc8 17. e5 Nd5 18. Qe4 g6 19. Nb3 Bb7 20. Na5 Ba8 21. Qg4
Kg7 22. Bb1 Qd7 23. exd6 Qxd6 24. Ne5 Nd7 25. f4 N7f6 26. Qg3 Nh5 27. Qg4 f5
28. Qd1 Nhxf4 29. Nac6 Bf6 30. Qd2 Rc8 31. Na5 Rxc1+ 32. Bxc1 Kg8 33. Qc2 Qd8
34. Qf2 Nh5 35. g4 fxg4 36. Qe2 Ndf4 37. Bxf4 Nxf4 38. Qxg4 Qxd4+ 0-1

[Event "4NCL/Div3/AMCAH vs. KJCAN"]
[Site "Wokefield Park ENG"]
[Date "2010.05.01"]
[Round "9.3"]
[White "Andreev, Peter"]
[Black "Kalid, Raphael"]
[Result "1-0"]
[WhiteElo "1846"]
[BlackElo "1786"]
[PlyCount "99"]
[EventDate "2010.05.01"]
[SourceDate "2009.10.24"]

1. e4 e5 2. Nf3 Nc6 3. d4 exd4 4. Nxd4 Nf6 5. Nxc6 bxc6 6. e5 Qe7 7. Qe2 Nd5 8.
c4 Qb4+ 9. Nd2 Nf4 10. Qe4 Ne6 11. a3 Qc5 12. Nf3 g6 13. b4 Qe7 14. Bb2 Rb8 15.
Be2 Bg7 16. h4 c5 17. Bc3 Bb7 18. Qe3 Bxf3 19. Bxf3 Nd4 20. O-O-O h5 21. Kb1
Nf5 22. Qd3 cxb4 23. axb4 Nh6 24. e6 Bxc3 25. exd7+ Kd8 26. Qxc3 Qxb4+ 27. Kc2
Qxc3+ 28. Kxc3 Nf5 29. c5 a5 30. g3 Rb5 31. c6 Nd6 32. Rd5 Rxd5 33. Bxd5 Ke7
34. Re1+ Kf6 35. Ra1 Nb5+ 36. Kc4 Nd6+ 37. Kc5 Ra8 38. Kd4 Ke7 39. Kc5 Kf6 40.
f3 Ke5 41. g4 Kf6 42. g5+ Ke7 43. Re1+ Kf8 44. Bb3 Kg7 45. Ba4 Rb8 46. Rb1 Ra8
47. Rb7 Nf5 48. Rxc7 Ne7 49. Rb7 Rd8 50. c7 1-0

[Event "4NCL/Div3/AMCAH vs. KJCAN"]
[Site "Wokefield Park ENG"]
[Date "2010.05.01"]
[Round "9.4"]
[White "Reddiar, Gautham"]
[Black "Malhotra, Tarun"]
[Result "1-0"]
[WhiteElo "1746"]
[BlackElo "1801"]
[PlyCount "79"]
[EventDate "2010.05.01"]
[SourceDate "2009.10.24"]

1. e4 c5 2. Nc3 Nc6 3. Bb5 Nd4 4. Bc4 d6 5. Nge2 Nxe2 6. Qxe2 Nf6 7. d3 e6 8.
f4 Be7 9. O-O O-O 10. Qe1 Re8 11. Rf3 d5 12. Bb3 dxe4 13. Nxe4 Nxe4 14. Qxe4
Rb8 15. Rg3 Bf6 16. Qe2 b5 17. c3 e5 18. Re3 Qc7 19. fxe5 Bxe5 20. Kh1 Bd7 21.
Qf2 c4 22. Bc2 Bxh2 23. dxc4 bxc4 24. Qh4 Rxe3 25. Bxe3 Be5 26. Qxh7+ Kf8 27.
Qh8+ Ke7 28. Bg5+ Kd6 29. Rd1+ Kc5 30. Be3+ Kb5 31. Qh5 Bc6 32. Bd4 f6 33. Re1
Re8 34. Be4 Re7 35. Bxc6+ Kxc6 36. Qf3+ Kd6 37. Rd1 Ke6 38. Bxe5 fxe5 39. Qd5+
Kf6 40. Rf1+ 1-0

[Event "4NCL/Div3/AMCAH vs. KJCAN"]
[Site "Wokefield Park ENG"]
[Date "2010.05.01"]
[Round "9.5"]
[White "Fenwick, Hugh F"]
[Black "Davis, Alexei"]
[Result "1-0"]
[WhiteElo "1970"]
[BlackElo "1730"]
[PlyCount "59"]
[EventDate "2010.05.01"]
[SourceDate "2009.10.24"]

1. d4 e6 2. Nf3 d5 3. e3 c5 4. b3 Nc6 5. Bd3 Bd6 6. Bb2 Nge7 7. O-O O-O 8. dxc5
Bxc5 9. Ng5 Ng6 10. Qh5 h6 11. Nxf7 Rxf7 12. Qxg6 Ne7 13. Qh7+ Kf8 14. Qh8+ Ng8
15. Bh7 Ke7 16. Qxg8 Qxg8 17. Bxg8 Rf8 18. Bh7 Kf7 19. Bd3 Bd7 20. Ba3 Bxa3 21.
Nxa3 a6 22. c4 Bc6 23. Nc2 Rfe8 24. Nb4 Rac8 25. Rfd1 a5 26. cxd5 exd5 27. Nc2
b5 28. Nd4 b4 29. Ba6 Rc7 30. Rac1 1-0

[Event "4NCL/Div3/AMCAH vs. KJCAN"]
[Site "Wokefield Park ENG"]
[Date "2010.05.01"]
[Round "9.6"]
[White "Paul, Barnaby J"]
[Black "Cresswell, Mike J"]
[Result "0-1"]
[WhiteElo "1610"]
[BlackElo "1858"]
[PlyCount "88"]
[EventDate "2010.05.01"]
[SourceDate "2009.10.24"]

1. c4 Nf6 2. Nc3 g6 3. g3 Bg7 4. Bg2 c6 5. d4 d6 6. e3 Na6 7. Nge2 Bd7 8. O-O
O-O 9. b3 Rb8 10. Bb2 b5 11. cxb5 cxb5 12. Rb1 b4 13. Ne4 Nxe4 14. Bxe4 Qb6 15.
Nf4 e6 16. Qe2 Bb5 17. Bd3 Bxd3 18. Qxd3 Rfc8 19. d5 Bxb2 20. Rxb2 e5 21. Ne2
Nc5 22. Qd2 a5 23. Rc1 Nd7 24. Rbc2 Qb7 25. Rc6 Nf6 26. f3 Rxc6 27. dxc6 Qc7
28. Qd3 Rb6 29. Qc2 Nd5 30. Qd2 Ne7 31. a3 Rxc6 32. axb4 Rxc1+ 33. Nxc1 axb4
34. Nd3 Nc6 35. Nxb4 Qa5 36. Qxd6 Nxb4 37. Qb8+ Kg7 38. Kg2 Qc5 39. f4 Nd3 40.
fxe5 Nxe5 41. b4 Qxe3 42. b5 Qe2+ 43. Kh3 Qf1+ 44. Kh4 Qf5 0-1

[Event "4NCL/Div3/BRI2 vs. BAB"]
[Site "Wokefield Park ENG"]
[Date "2010.05.01"]
[Round "9.1"]
[White "Humphreys, Jerry G"]
[Black "Harley-Yeo, Gareth"]
[Result "1/2-1/2"]
[WhiteElo "2082"]
[BlackElo "2053"]
[PlyCount "32"]
[EventDate "2010.05.01"]
[SourceDate "2009.10.24"]

1. e4 c5 2. Nf3 e6 3. d4 cxd4 4. Nxd4 a6 5. c4 Nc6 6. Be3 Qc7 7. Be2 Nf6 8. Nc3
Bb4 9. f3 O-O 10. O-O Bxc3 11. bxc3 d6 12. Qb3 Ne5 13. Kh1 Nfd7 14. f4 Nc5 15.
Qc2 Ng6 16. Rab1 Bd7 1/2-1/2

[Event "4NCL/Div3/BRI2 vs. BAB"]
[Site "Wokefield Park ENG"]
[Date "2010.05.01"]
[Round "9.2"]
[White "Lawson, Maurice E"]
[Black "Stewart, Joseph"]
[Result "0-1"]
[WhiteElo "2066"]
[BlackElo "1994"]
[PlyCount "72"]
[EventDate "2010.05.01"]
[SourceDate "2009.10.24"]

1. e4 c5 2. Nf3 d6 3. d4 cxd4 4. Nxd4 Nf6 5. Nc3 g6 6. f4 Nbd7 7. Be2 Bg7 8.
Be3 a6 9. Bf3 h5 10. Qd2 Nb6 11. b3 Ng4 12. Rd1 Nxe3 13. Qxe3 Qc7 14. O-O Qc5
15. Nd5 Nxd5 16. exd5 O-O 17. c4 b5 18. Rf2 Bd7 19. Nc2 Qxe3 20. Nxe3 Rfc8 21.
Re2 Kf8 22. f5 gxf5 23. Bxh5 f4 24. Rf1 fxe3 25. Rxf7+ Kg8 26. Rxe7 Bf5 27. g4
Bd3 28. Rxg7+ Kxg7 29. Rxe3 bxc4 30. Re7+ Kf8 31. Rf7+ Kg8 32. bxc4 Bxc4 33.
Rf5 Rf8 34. Rg5+ Kh7 35. Bg6+ Kh6 36. h4 Rg8 0-1

[Event "4NCL/Div3/BRI2 vs. BAB"]
[Site "Wokefield Park ENG"]
[Date "2010.05.01"]
[Round "9.3"]
[White "Castruccio, Angelo"]
[Black "Davies, Matthew"]
[Result "1/2-1/2"]
[WhiteElo "1962"]
[BlackElo "1956"]
[PlyCount "92"]
[EventDate "2010.05.01"]
[SourceDate "2009.10.24"]

1. d4 d5 2. Nf3 Nf6 3. c4 e6 4. Nc3 Be7 5. cxd5 exd5 6. Bg5 O-O 7. e3 c6 8. Bd3
Re8 9. Qc2 Nbd7 10. O-O Nf8 11. h3 Ne4 12. Bf4 Nxc3 13. bxc3 Bd6 14. Bxd6 Qxd6
15. c4 Be6 16. c5 Qc7 17. Rfc1 g6 18. a4 Nd7 19. a5 a6 20. Rcb1 Re7 21. Rb2 Nf6
22. Ne5 Rae8 23. Rb6 Bc8 24. Rab1 Nd7 25. Nxd7 Qxd7 26. R1b2 Qc7 27. Qd2 f5 28.
Rb1 h6 29. g3 Qd7 30. Bf1 g5 31. R6b3 Rg7 32. Kh2 Qc7 33. f4 Qd8 34. Be2 Re6
35. Bh5 Qe7 36. Rc1 Qf6 37. Rcb1 Re4 38. Bf3 Re6 39. Bh5 Kh8 40. Rc1 Ree7 41.
Rcb1 Rg8 42. Qf2 Rgg7 43. Qd2 Re4 44. Bf3 Ree7 45. Bh5 Re4 46. Bf3 Ree7 1/2-1/2

[Event "4NCL/Div3/BRI2 vs. BAB"]
[Site "Wokefield Park ENG"]
[Date "2010.05.01"]
[Round "9.5"]
[White "White, Martin"]
[Black "Foster, William E"]
[Result "1-0"]
[WhiteElo "1914"]
[BlackElo "1800"]
[PlyCount "81"]
[EventDate "2010.05.01"]
[SourceDate "2009.10.24"]

1. e4 c5 2. c4 Nc6 3. Ne2 e5 4. g3 g6 5. Bg2 Bg7 6. O-O Nge7 7. Nbc3 O-O 8. d3
d6 9. a3 h6 10. Rb1 a5 11. Bd2 b6 12. Nd5 Nxd5 13. exd5 Nd4 14. b4 Bg4 15. f3
Bf5 16. Nxd4 cxd4 17. Qc2 Qc7 18. bxa5 bxa5 19. Rb5 Bd7 20. Rb2 Rfb8 21. Rfb1
Rxb2 22. Qxb2 Ba4 23. Qb6 Qxb6 24. Rxb6 Bc2 25. Bf1 Bf8 26. Rb5 a4 27. Rb7 Kg7
28. Kf2 g5 29. Ke2 Kg6 30. Bb4 f5 31. Kd2 Bb3 32. Rd7 Ra6 33. Bh3 e4 34. fxe4
fxe4 35. dxe4 Bxc4 36. e5 Bxd5 37. e6 Bc6 38. e7 Bxe7 39. Rxe7 Bf3 40. Re6+ Kf7
41. Rxd6 1-0

[Event "4NCL/Div3/BRI2 vs. BAB"]
[Site "Wokefield Park ENG"]
[Date "2010.05.01"]
[Round "9.6"]
[White "Parry, Matthew"]
[Black "Bromilow, Edward T"]
[Result "1/2-1/2"]
[WhiteElo "1794"]
[BlackElo "1922"]
[PlyCount "126"]
[EventDate "2010.05.01"]
[SourceDate "2009.10.24"]

1. d4 Nf6 2. c4 e6 3. Nc3 Bb4 4. a3 Bxc3+ 5. bxc3 d5 6. Qc2 b6 7. cxd5 exd5 8.
Nf3 Nbd7 9. e3 Bb7 10. Nd2 Ne4 11. Nxe4 dxe4 12. c4 c5 13. d5 Qe7 14. Bb2 f5
15. Be2 O-O 16. O-O-O Qd6 17. Qc3 Qf6 18. g4 Qxc3+ 19. Bxc3 f4 20. g5 f3 21.
Bf1 Rad8 22. Bh3 Ba6 23. Be6+ Kh8 24. d6 Bb7 25. Bd5 Bxd5 26. Rxd5 Rde8 27. h4
Re6 28. h5 Kg8 29. Rh4 g6 30. hxg6 hxg6 31. Bf6 Nxf6 32. gxf6 Rexf6 33. Rxe4
Rd8 34. d7 Kf7 35. Rh4 Kg7 36. Rh1 Re6 37. Rh3 Rf6 38. Rg3 Kf7 39. Kd2 Ke6 40.
Rgg5 Kf7 41. e4 Ke7 42. Rge5+ Re6 43. Rxe6+ Kxe6 44. Ke3 Rxd7 45. Rxd7 Kxd7 46.
Kxf3 Ke6 47. Kf4 Kf6 48. a4 g5+ 49. Kg4 a6 50. e5+ Kxe5 51. Kxg5 b5 52. axb5 a5
53. f4+ Kd6 54. b6 a4 55. b7 Kc7 56. b8=Q+ Kxb8 57. f5 a3 58. f6 a2 59. f7 a1=Q
60. f8=Q+ Kb7 61. Qxc5 Qg7+ 62. Kf5 Qh7+ 63. Ke6 Qg6+ 1/2-1/2

[Event "4NCL/Div3/BRI3 vs. OXF3"]
[Site "Wokefield Park ENG"]
[Date "2010.05.01"]
[Round "9.1"]
[White "Dunlop, Neil J"]
[Black "Foo, William J"]
[Result "1-0"]
[WhiteElo "1802"]
[BlackElo "1818"]
[PlyCount "89"]
[EventDate "2010.05.01"]
[SourceDate "2009.10.24"]

1. e4 c6 2. c4 d5 3. cxd5 cxd5 4. exd5 Nf6 5. d4 Nxd5 6. Nc3 Nc6 7. Bb5 g6 8.
Nge2 Bg7 9. O-O O-O 10. Bxc6 bxc6 11. Na4 Ba6 12. Re1 Bxe2 13. Rxe2 Rb8 14. a3
Qd6 15. Be3 Rfd8 16. Qc2 f5 17. Rae1 Qf6 18. b4 Rd6 19. Bc1 Qh4 20. Bb2 f4 21.
Re4 Nf6 22. Rxe7 f3 23. Qd3 Ng4 24. Qxf3 Rf8 25. Qg3 Qxg3 26. fxg3 Bxd4+ 27.
Bxd4 Rxd4 28. h3 Rd2 29. Rxa7 Nh6 30. Nc5 Nf5 31. Kh2 Nd4 32. Kg1 Ne2+ 33. Kh2
Nd4 34. Kh1 Nf5 35. Rd7 Ra2 36. g4 Ng3+ 37. Kg1 Ne2+ 38. Kh1 Nf4 39. Ree7 Rf6
40. Rg7+ Kf8 41. Rxh7 Kg8 42. Rdg7+ Kf8 43. Nd7+ Ke8 44. Nxf6+ Kf8 45. Rf7# 1-0

[Event "4NCL/Div3/BRI3 vs. OXF3"]
[Site "Wokefield Park ENG"]
[Date "2010.05.01"]
[Round "9.2"]
[White "Terry, Sean"]
[Black "Dunn, Richard S"]
[Result "1-0"]
[WhiteElo "1867"]
[BlackElo "1866"]
[PlyCount "123"]
[EventDate "2010.05.01"]
[SourceDate "2009.10.24"]

1. d4 Nf6 2. Bg5 Ne4 3. Bf4 g6 4. f3 Nf6 5. e4 d6 6. Nc3 Bg7 7. Qd2 O-O 8.
O-O-O Nc6 9. Bh6 e5 10. d5 Ne7 11. h4 Nh5 12. g4 Ng3 13. Rh3 Nxf1 14. Rxf1 f5
15. gxf5 gxf5 16. Bxg7 Kxg7 17. Rg3+ Kh8 18. Qh6 Rf7 19. Qh5 Qf8 20. Nh3 Rf6
21. Ng5 h6 22. Nb5 Bd7 23. Nxc7 Rc8 24. Nge6 Qf7 25. Qxf7 Rxf7 26. Rfg1 Rg8 27.
Rxg8+ Nxg8 28. Nd8 Rf6 29. Nxb7 fxe4 30. fxe4 Ne7 31. c4 Ng6 32. Nb5 Bxb5 33.
cxb5 Nxh4 34. Rg3 Nf3 35. a4 Nd4 36. Rh3 Kg7 37. Kb1 Kg6 38. Nd8 h5 39. Nc6 Rf7
40. Rg3+ Kh6 41. Nxd4 exd4 42. Rd3 Kg5 43. Rxd4 h4 44. Rd1 Rh7 45. e5 dxe5 46.
d6 Rd7 47. a5 h3 48. b6 axb6 49. a6 h2 50. Rh1 Kf5 51. Rxh2 Ke6 52. Kc2 Kd5 53.
Rd2+ Kc6 54. Kd1 b5 55. Ke2 Kb6 56. Ke3 Kxa6 57. Ke4 Kb7 58. Kxe5 Kc8 59. Ke6
Rh7 60. Rf2 Rh1 61. d7+ Kb7 62. d8=Q 1-0

[Event "4NCL/Div3/BRI3 vs. OXF3"]
[Site "Wokefield Park ENG"]
[Date "2010.05.01"]
[Round "9.3"]
[White "Woolgar, Steven G"]
[Black "Pattni, Kishan"]
[Result "1-0"]
[WhiteElo "1698"]
[BlackElo "1762"]
[PlyCount "55"]
[EventDate "2010.05.01"]
[SourceDate "2009.10.24"]

1. c4 f5 2. Nc3 Nf6 3. d4 e6 4. Nf3 Be7 5. e3 O-O 6. Bd3 d6 7. O-O b6 8. Re1 d5
9. cxd5 exd5 10. Qc2 Ne4 11. Nxd5 c6 12. Nxe7+ Qxe7 13. Ne5 Qh4 14. Bxe4 fxe4
15. Qc4+ Kh8 16. Nf7+ Rxf7 17. Qxf7 Qd8 18. b3 Nd7 19. Ba3 Bb7 20. Rac1 Qc7 21.
Red1 a5 22. d5 c5 23. Bb2 Rg8 24. d6 Qc6 25. Rd2 Bc8 26. Rd5 Nf8 27. Rcd1 Be6
28. Bxg7+ 1-0